Prénoms masculins les plus populaires en J - Statistiques

Statistiques générales
  • Ce quiz a été pris 515 fois
  • Le résultat moyen est 23 sur 44
Statistiques - réponses
Hint Réponse % Correct
Je Jean
96%
Ju Julian
95%
Ju Julien
95%
JP Jean-Pierre
88%
JP Jean-Paul
82%
Ju Jules
81%
Jérémie
78%
Jérémy
78%
JF Jean-François
76%
JJ Jean-Jacques
74%
Ja Jacques
71%
JY Jean-Yves
70%
JL Jean-Luc
68%
JM Jean-Marc
68%
JB Jean-Baptiste
67%
JL Jean-Louis
66%
JC Jean-Claude
62%
JM Jean-Michel
62%
JM Jean-Marie
61%
Jérome
58%
Jo José
58%
Ju Justin
55%
JP Jean-Pascal
53%
Jo Jonathan
53%
JP Jean-Philippe
51%
Jo Jordan
51%
JC Jean-Charles
49%
Jo Joseph
49%
JB Jean-Bernard
44%
JR Jean-René
41%
Jo Joël
41%
JD Jean-Daniel
33%
Jo Joris
31%
Ji Jimmy
29%
Jo Johan
28%
Ja Jason
26%
Jo Johnny
26%
Ja Jackie
23%
Ja Jacob
20%
JP Jean-Patrice
17%
Jo Joachim
17%
Jo Jocelyn
13%
Ja Jamel
9%
Jo Jordy
8%
Aucun quiz correspondant
Distribution des résultats
% des personnes avec chaque résultat
Percentile par nombre de réponses
Votre historique - résultats
Vous n’avez pas pris ce quiz